| 000 | 00786nam a2200241Ia 4500 | ||
|---|---|---|---|
| 003 | GCL | ||
| 008 | 140319s9999 xx 000 0 ara d | ||
| 040 |
_aGCL / _cGCL |
||
| 082 | 0 | 4 |
_aق _b910.962 _bب ر |
| 100 | 1 | _aعبدالرحمن عبدالله الشيخ | |
| 245 | 1 | 0 |
_aرحلة بيرتون الى مصر والحجاز / _cعبدالرحمن عبدالله الشيخ |
| 700 | 1 | _aبيرتون، ريتشارد | |
| 260 |
_a[S.N] : _bالهيئة المصرية العامة للكتاب ، _c1994 |
||
| 300 | _a234 ص | ||
| 490 |
_aالالف كتاب الثانى _v0 |
||
| 650 | 0 | 4 | _aمصر |
| 650 | 0 | 4 | _aالرحلات |
| 650 | 0 | 4 | _aالرحالة |
| 650 | 0 | 4 | _aالحجاز |
| 650 | 0 | 4 | _aالمستكشفون |
| 650 | 0 | 4 | _aوصف ورحلات |
| 942 |
_2ddc _cBK |
||
| 999 |
_c36188 _d36188 |
||